Estatísticas para Os 15 principais países com mortes por Covid19 - 8 de dezembro 2021

Clique aqui para jogar o quiz

Estatísticas Gerais

  • Esse quiz foi jogado 6 vezes
  • A pontuação média é 18 de 27

Estatísticas das Respostas

país% Correto
Argentina
100%
Brasil
100%
Estados Unidos
100%
França
100%
Índia
100%
Itália
100%
Alemanha
83%
Indonésia
83%
Irão
83%
Peru
83%
Chéquia
67%
Colômbia
67%
Eslováquia
67%
Eslovénia
67%
Hungria
67%
México
67%
Reino Unido
67%
Rússia
67%
África do Sul
50%
Armênia
50%
Geórgia
50%
Lituânia
50%
Macedónia do Norte
50%
Bósnia e Herzegovina
33%
Croácia
33%
Bulgária
17%
Romênia
17%

Distribuição das Pontuações

Percentil de Números Respondidos

Porcentagem de Pessoas com Cada Pontuação

Sua Pontuação Histórica

Você não jogou esse quiz